000
00305pab a2200121 454500
008
180718b xxu||||| |||| 00| 0 eng d
100
_a
Sinha, B.M.
245
_a
UPSC and slipping credibility
650
_a
Civil Service Commission
650
_a
Civil Service
773
_a
Financial Express
909
_a
22543
999
_c
22543
_d
22543